00370nam a2200121 a 450000100100000000500170001000800410002704000250006810000260009324500580011926000510017730000200022800003265420200930065746.0110725s1926 dr 000 0 spa d aDO-SdBNPbspacBNPHU1 aLlaverías, Federico10aMi labor pro faro de Colón /cFederico Llaverías. aSanto Domingo :bImprenta Nuevo Diario,c1926. a21 p. ;c22 cm.